000 00623nam a2200205Ii 4500
003 JO-AjNU
008 230605s9999||||xx |||||||||||||| ||und||
040 _aJO-AjNU
_bara
_erda
_cJO-AjNU
041 _aara
050 1 4 _aTH5604 1986
100 3 _aعبدالعال ، محمود,
_eauthor
_97244
245 0 0 _aالنجارة وطرق تدريسها
250 _aط2
264 3 1 _aالقاهرة : مكتبة الانجلو الامريكية ،1986
300 _a174ص
336 _atext
_btxt
_2rdacontent
337 _aunmediated
_bn
_2rdamedia
338 _avolume
_bnc
_2rdacarrier
650 4 _aالنجارة
_97245
999 _aA182
_c3750
_d3750